000 00687nam a2200217 a 4500
001 45637
003 BD-RjUL
005 20211209054040.0
008 160727r19671955enka 000 0 eng
035 _a(BD-RjUL)45755
040 _aDLC
_cCarP
_dDLC
_dDLC
_dBD-RjUL
_beng
041 _aeng
082 _a507.12
_bSAT 1967
100 1 _aSaunders, H. N.,
_d1902-
_9139701
245 1 4 _aThe teaching of general science in tropical secondary schools /
_cH. N. Saunders.
260 _aLondon,
_bOxford University Press,
_c1955
_c[rprinted 1967]
300 _a379 p.
_billus.
_c23 cm.
650 0 _aScience
_xStudy and teaching (Secondary)
_9139702
942 _2ddc
_cBK
999 _c45637
_d45637